| 000 | 00425nam a22001457a 4500 | ||
|---|---|---|---|
| 020 | _qHB. | ||
| 040 | _cFIZZA ISHAQ | ||
| 082 |
_a909.8 _bFER |
||
| 100 |
_aBRAUDEL,FERNAND. _9134043 |
||
| 245 |
_aCIVILIZATION AND CAPITALISM 15th-18th CENTURY ,VOL 1.THE STRUCTURES OF EVERYDAY LIFE / _cFERNAND BRAUDEL. |
||
| 250 | _a1st ED. | ||
| 260 |
_aNEW YORK ; _bHARPER & ROW, _c1979. |
||
| 300 |
_a623 P. ; _c9.6X7IN |
||
| 942 |
_2ddc _cBK |
||
| 999 |
_c616970 _d616970 |
||